ՀՀ Գիտությունների ազգային ակադեմիայի հիմնարար գիտական գրադարան  =   Fundamental Scientific Library of NAS RA

Женьшень : (Record no. 123829)

MARC details
000 -LEADER
fixed length control field 01077nam a2200217 a 4500
001 - CONTROL NUMBER
control field 000330668
003 - CONTROL NUMBER IDENTIFIER
control field AM-YeHGA
005 - DATE AND TIME OF LATEST TRANSACTION
control field 20250617130749.0
008 - FIXED-LENGTH DATA ELEMENTS--GENERAL INFORMATION
fixed length control field 040430s1986 ||| r 000 0 rus d
040 ## - CATALOGING SOURCE
Original cataloging agency AM-YeHGA
041 0# - LANGUAGE CODE
Language code of text/sound track or separate title rus
090 ## - LOCALLY ASSIGNED LC-TYPE CALL NUMBER (OCLC); LOCAL CALL NUMBER (RLIN)
-- 125184
100 1# - MAIN ENTRY--PERSONAL NAME
Personal name Малышев, Алексей Александрович.
245 10 - TITLE STATEMENT
Title Женьшень :
Remainder of title (Биология и разведение) /
Statement of responsibility, etc. А.А. Малышев.
250 ## - EDITION STATEMENT
Edition statement 2-е изд., перераб.
260 ## - PUBLICATION, DISTRIBUTION, ETC.
Place of publication, distribution, etc. Москва :
Name of publisher, distributor, etc. Агропромиздат,
Date of publication, distribution, etc. 1986.
300 ## - PHYSICAL DESCRIPTION
Extent 144 с. :
Other physical details ил.
500 ## - GENERAL NOTE
General note На обл. в подзаг.: Распространение; Биология; Лекарственная ценность; Заготовка, сушка корней; Промышленное и опытное разведение; Агротехника выращивания; Женьшень в огороде и дома; Перспективы разведения и использования
504 ## - BIBLIOGRAPHY, ETC. NOTE
Bibliography, etc. note Библиогр.: с. 134-140
653 0# - INDEX TERM--UNCONTROLLED
Uncontrolled term Женьшень
Holdings
Withdrawn status Lost status Damaged status Not for loan Collection Home library Current library Date acquired Total checkouts Full call number Barcode Date last seen Price effective from Koha item type Public note
        General Fundamental Scientific Library Fundamental Scientific Library 22/12/2016   633.88:582.892 110056980 22/12/2016 22/12/2016 Գրքեր / Books 30 Days Loan


ՀՀ ԳԱԱ հիմնարար գիտական գրադարան
ՀՀ,Երևան 0019
Մարշալ Բաղրամյան 24/6
հեռախոս:(374-10) 52-47-50
Հետադարձ կապ

All site content, except where otherwise noted, is licensed under a
Creative Commons License